000 nam a22 7a 4500
999 _c8050
_d8050
008 171124b xxu||||| |||| 00| 0 eng d
100 _94500
_aEFY ENTERPRISES PVT LTD
245 _aELECTRONICS PROJECTS VOL.6
260 _aNEW DELHI
_bEFY
_c1989